Top 20 Cities of Italy on a Map Quiz Stats

 Plays Quiz Updated Dec 18, 2019

     
Support Sporcle.
Go Orange.
Score 0/20 Timer 05:00
44 Plays Today
% Correct
1. Rome
99.5%
2. Milan
90.4%
11. Venice
90.1%
8. Florence
86.1%
3. Naples
84.3%
4. Turin
73.2%
5. Palermo
62.6%
6. Genoa
59.5%
7. Bologna
55.2%
9. Bari
46.2%
% Correct
12. Verona
45.7%
15. Trieste
31.7%
10. Catania
30.9%
14. Padua
28.2%
13. Messina
27.5%
19. Parma
26.7%
20. Modena
21.5%
17. Brescia
20.7%
16. Taranto
17.7%
18. Prato
12%

From the Vault

Geography 'G' Blitz

by nspyred

Because Geography without 'G' would be Eoraphy, and that's just weird.
Remove Ads.
Support Sporcle.
Get the best of Sporcle when you Go Orange. This ad-free experience offers more features, more stats, and more fun while also helping to support Sporcle. Thank you for becoming a member.

Show Comments

Extras

Top Quizzes Today


Score Distribution

Your Account Isn't Verified!

In order to create a playlist on Sporcle, you need to verify the email address you used during registration. Go to your Sporcle Settings to finish the process.

Report this User

Report this user for behavior that violates our Community Guidelines.

Details: